| 000 | 00763nam a22002411c 4500 | ||
|---|---|---|---|
| 001 | 358055601 | ||
| 008 | 080430s2003 gw |||| 000u ger d | ||
| 020 |
_a3412173029 _93-412-17302-9 |
||
| 041 | _ager | ||
| 100 | 1 | _aDuncker, Arne | |
| 245 | 0 | 0 |
_aGleichheit und Ungleichheit in der Ehe : _bpersönliche Stellung von Frau und Mann im Recht der ehelichen Lebensgemeinschaft 1700 - 1914 / _cArne Duncker |
| 264 |
_aKöln [u.a.] : _bBöhlau, _c2003 |
||
| 300 | _aXCVII, 1189 S. | ||
| 502 | _aZugl.: Hannover, Univ., Diss., 2001 | ||
| 650 | 0 | _aGender | |
| 650 | 0 | _aEherecht | |
| 650 | 0 | _aEmanzipation | |
| 655 | 0 | _aHochschulschrift | |
| 942 | _cMG | ||
| 040 | _cRU-10907106 | ||
| 003 | RU-10907106 | ||
| 999 |
_c15651 _d15651 |
||
| 490 | 0 |
_aRechtsgeschichte und Geschlechterforschung _v1 |
|